Surveyors acting as expert witnesses (Record no. 112898)

MARC details
000 -LEADER
fixed length control field 01561cad a22002535a 4500
001 - CONTROL NUMBER
control field L154243
008 - FIXED-LENGTH DATA ELEMENTS--GENERAL INFORMATION
fixed length control field 111107s2011 xxk f 000 0 eng d
035 ## - SYSTEM CONTROL NUMBER
System control number (Sirsi) u154243
041 0# - LANGUAGE CODE
Language code of text/sound track or separate title eng
050 04 - LIBRARY OF CONGRESS CALL NUMBER
Classification number 347.41067 $2 18
110 2# - MAIN ENTRY--CORPORATE NAME
Corporate name or jurisdiction name as entry element Royal Institution of Chartered Surveyors
9 (RLIN) 4900
245 00 - TITLE STATEMENT
Title Surveyors acting as expert witnesses
Remainder of title 2nd Addendum to the third edition, November 2011
Medium [old editioni]
260 ## - PUBLICATION, DISTRIBUTION, ETC.
Place of publication, distribution, etc. Coventry
Name of publisher, distributor, etc. RICS
Date of publication, distribution, etc. 2011
490 #0 - SERIES STATEMENT
Series statement RICS Practice Statement
490 #0 - SERIES STATEMENT
Series statement RICS Guidance Note
520 ## - SUMMARY, ETC.
Summary, etc. The 50th amendment to the Civil Procedure Rules (CPR) was recently introduced and amended rules came into force on 1 October (unless otherwise provided in SI 2009 No. 2092). Changes were introduced in a number of areas. RICS has produced a combined briefing and addendum to the "Surveyors acting as expert witnesses" document (see L145697). This addendum has been produced to reflect the implications of the case of Jones v Kaney (2011). It replaces GN 22 Immunity of the expert witness in the third edition of the practice statement and guidance note and should be read in conjunction with the 1st addendum issued in 2009.
520 ## - SUMMARY, ETC.
Summary, etc. Superseded by 4th edition L158327.
521 ## - TARGET AUDIENCE NOTE
Target audience note Advanced
590 ## - LOCAL NOTE (RLIN)
Local note KA
651 #4 - SUBJECT ADDED ENTRY--GEOGRAPHIC NAME
Geographic name United Kingdom
690 ## - LOCAL SUBJECT ADDED ENTRY--TOPICAL TERM (OCLC, RLIN)
Topical term or geographic name as entry element MANAGEMENT-DISPUTE AVOIDANCE, MANAGEMENT AND RESOLUTION-DISPUTE MANAGEMENT AND RESOLUTION-EXPERT WITNESSES
856 40 - ELECTRONIC LOCATION AND ACCESS
Uniform Resource Identifier <a href="https://www.isurv.com/downloads/download/198/surveyors_acting_as_expert_witnesses">https://www.isurv.com/downloads/download/198/surveyors_acting_as_expert_witnesses</a>
Public note Archived on isurv (subscription required)
942 ## - ADDED ENTRY ELEMENTS (KOHA)
Suppress in OPAC 0
Source of classification or shelving scheme Dewey Decimal Classification
Holdings
Withdrawn status Lost status Source of classification or shelving scheme Damaged status Not for loan Home library Current library Shelving location Date acquired Total Checkouts Full call number Barcode Date last seen Copy number Price effective from Koha item type
    Dewey Decimal Classification     Virtual Virtual Online 07/11/2011   ONLINE PUBLICATION 154243-2001 06/08/2019 1 06/08/2019 Book